00675nam a2200229 a 4500001001300000003000900013005001700022008004100039020001000080082001400090100003500104245004000139260005000179300000800229500003500237650001600272700003500288902000800323942000700331952009400338999001300432nice12345678IN_TiNIC20260116011316.0050524s1910 bana grp 000 0 eng  ac10000a239bCLS2 aChristian Literature Society,  aSeventh Discourse of Sir Syed Ahmed aBangalorebChristian Literature Societyc1910 a36p aincludes index and biblioraphy aApologetics1 aChristian Literature Society,  bRBA cBK 00104070aHMIbHMId2008-04-18g100.00l0o239 CLS2p2050r2008-04-18w2026-01-16yARB c378d378